| 000 | 00752cam a22002413a 4500 | ||
|---|---|---|---|
| 001 | 12688 | ||
| 003 | PGUSA | ||
| 005 | 20140828083255.0 | ||
| 008 | 040601s2004||||xxu|||||s|||||000 p eng d | ||
| 040 |
_aPGUSA _beng |
||
| 042 | _adc | ||
| 050 | 4 | _aPT | |
| 100 | 1 |
_aRuneberg, Johan Ludvig, _d1804-1877 |
|
| 245 | 1 | 0 |
_aVänrikki Stoolin tarinat (suom. Cajander) _h[electronic resource] / _cJohan Ludvig Runeberg |
| 260 |
_bProject Gutenberg, _c2004 |
||
| 506 | _aPublic domain in the USA. | ||
| 516 | _aElectronic text | ||
| 653 | _aFinland -- History -- Russian Conquest, 1808-1809 -- Poetry | ||
| 700 | 1 |
_aCajander, Paavo Emil, _d1846-1913 |
|
| 830 | 0 |
_aProject Gutenberg _v12688 |
|
| 856 | 4 | 0 | _uhttp://www.gutenberg.org/ebooks/12688 |
| 942 | _cEB | ||
| 999 |
_c241943 _d241943 |
||